The practice of the presence of God. (Record no. 13663)

000 -LEADER
fixed length control field 00622nam a2200181 a 4500
001 - CONTROL NUMBER
control field :::00011486$&:&@@
003 - CONTROL NUMBER IDENTIFIER
control field OkBaRHE
005 - DATE AND TIME OF LATEST TRANSACTION
control field 20000607103409.0
008 - FIXED-LENGTH DATA ELEMENTS--GENERAL INFORMATION
fixed length control field j 000 0 eng u
040 ## - CATALOGING SOURCE
Transcribing agency
100 1# - MAIN ENTRY--PERSONAL NAME
Personal name Lawrence, 1611-1691.
245 14 - TITLE STATEMENT
Title The practice of the presence of God.
Statement of responsibility, etc Being conversations and letters of Brother Lawrence.
260 ## - PUBLICATION, DISTRIBUTION, ETC. (IMPRINT)
Place of publication, distribution, etc Philadelphia, PA., :
Name of publisher, distributor, etc The Judson Press
Date of publication, distribution, etc nd
300 ## - PHYSICAL DESCRIPTION
Extent 60 p. ;
Dimensions 18 cm.
650 ## - SUBJECT ADDED ENTRY--TOPICAL TERM
Topical term or geographic name as entry element Christian Life
General subdivision Catholic Authors
942 ## - ADDED ENTRY ELEMENTS (KOHA)
Source of classification or shelving scheme
Koha item type Books
Copies
Copy number Date last seen Barcode Full call number Lost status Shelving location Koha item type Permanent Location Not for loan Date acquired Price effective from Withdrawn status Source of classification or shelving scheme Damaged status
12010-04-1411486BX 2349 .L3811 General StacksBooksRHEMA Bible Training College 2010-04-142010-04-14